00650nam a2200217 a 450000100060000000300080000600500170001400800410003103500200007203500120009204000310010404100080013508200270014310000330017024500780020326000380028130000340031950000200035350400300037365000290040346119BD-RjUL20211209054118.0160731s1961 ii a b 00110 eng  a(BD-RjUL) 46237 a1081887 aANLbengdBD-RjULcBD-RjUL aeng 223a391.0954bFAS 19611 aFabri, Charles Louis,d1899-12aA history of Indian dress /cby Charles Fabri. Illustrated by the author  aCalcutta,bOrient Longmanscc1961 avi, 106 p. : bill. ;c25 cm. aIncludes index. aBibliography: p. [95]-97. 0aCostumezIndiaxHistory.